1052 1120 1494 1316 1180 1280 1320 1162 1765 1713 1581 1816 1838 1639 1437 1943 1200 1559 1580 1249 1100 1854 1232 1381 1530 1105 1928 1353 1433 1882 1473 1360 1888 1367 1794 1227 1146 1314 1096 1375 1789 1738 1402 1482 1083 1706 1187 1229 1985 1543 1213 1673 1852 1739 1682 1575 1595 1186 1404 1832 1030 1043 1604 1293 1870 1366 1606 1443 1024 1405 1295 1176 1293 1886 1029 1185 1255 1278 1502 1447 1407 1454 1852 1470 1078 1583 1855 1263 1120 1845 1867 1211 1258 1982 1060 1131 1241 1481 1483 BCNSPRNW ULIB Ver.6.0+V

เปลี่ยนเป็นภาษาไทย

Change to English
 แสดงรายละเอียดบรรณานุกรม
  กลับหน้าหลัก

Brief Record : Get Marc (ISO 2709) : E-mail record : QR code < ปิดหน้าต่าง
LEADER : 00000nam 2200000uu 4500
001    13399120611
003     ULIB
008    120928s2552||||th 000 0 tha d
020    ^a9789743577130
060 04 ^aWY152^bล461ก 2552
100 0  ^aลิวรรณ อุนนาภิรักษ์
245 10 ^aการพยาบาลผู้สูงอายุ :^bปัญหาระบบประสาทและอื่น ๆ /^cลิวรรณอุนนาภิรักษ์
250    ^aพิมพ์ครั้งที่ 2
260    ^aกรุงเทพฯ :^bภาควิชาการพยาบาลรากฐาน คณะพยาบาลศาสตร์มหาวิทยาลัยมหิดล,^c2552
300    ^a190 หน้า :^bภาพประกอบ ;^c26 ซม.
536  ไ ^a้รับการสนับสนุนให้ยืมเงินเพื่อพิมพ์ตำราจากมหาวิทยาลัยมหิดล
650  7 ^aการพยาบาลผู้สูงอายุ
650  7 ^aประสาท, โรคระบบ^xการพยาบาล
650  7 ^aผู้สูงอายุ
710 2  ^aมหาวิทยาลัยมหิดล. ^bคณะพยาบาลศาสตร์.^bภาควิชาการพยาบาลรากฐาน
945    ^p0^l0^i15631
945    ^p0^l0^i15632
945    ^p0^l0^i15633
945    ^p0^l0^i15634
995    ^aวิภา
999 ^a ใช้งานได้ทุกระบบ
รายการนี้ยังไม่มีแท็ก
คุณยังไม่ได้ล็อกอิน คุณสามารถมีกิจกรรมร่วมกับเว็บไซต์ได้ แต่ต้องล็อกอินก่อน ::
  ล็อกอิน

รายการสื่อสารสนเทศ

ลำดับที่ ประเภท เลขเรียก/บาร์โค้ด สถานที่ สถานะ
- ไม่พบข้อมูล -

รายการใกล้เคียง
    ผู้แต่ง [ลิวรรณ อุนนาภิรักษ์]

    หัวเรื่อง [การพยาบาลผู้สูงอายุ]
    หัวเรื่อง [ผู้สูงอายุ]

BibComment


ยังไม่เคยถูกคอมเมนท์

คอมเมนท์ทรัพยากรรายการนี้
  คอมเมนท์: การพยาบาลผู้สูงอ..


 Copyright 2026. Bcnsprnw @Library